[Event "France 2019 - Accession"]
[Site "Chartres"]
[Date "2019.08.20"]
[Round "4.22"]
[White "Hutois, Mickael"]
[Black "Favarel, Camille"]
[Result "1-0"]
[WhiteElo "2279"]
[BlackElo "2207"]
[PlyCount "109"]
[EventDate "2019.08.??"]
[EventType "swiss"]
[EventRounds "9"]
[EventCountry "FRA"]
[WhiteTeam "Echiquier de l'Erdre"]
[BlackTeam "L'Echiquier du Roy René"]

1. e4 d5 2. exd5 Qxd5 3. Nf3 Nf6 4. d4 Bf5 5. c4 Qd8 6. Nc3 c6 7. h3 h6 8. g4
Bh7 9. Bg2 e6 10. Bf4 Bb4 11. O-O O-O 12. Ne2 Bd6 13. Ne5 Ne4 14. f3 Nf6 15.
Nc3 Qe7 16. Qb3 c5 17. Nb5 Rd8 18. Rad1 b6 19. Bh2 a6 20. Nxd6 Rxd6 21. d5 exd5
22. cxd5 Qf8 23. Nc4 Rd8 24. Bc7 b5 25. Bxd8 Qxd8 26. Ne5 Qd6 27. f4 Be4 28.
Bxe4 Nxe4 29. Qe3 Nf6 30. g5 Nfd7 31. gxh6 Qxh6 32. d6 Nxe5 33. Qxe5 Nd7 34.
Qf5 Rd8 35. Rfe1 Nf6 36. d7 Qh4 37. Re3 c4 38. Qg5 Qxg5+ 39. fxg5 Rxd7 40. Rxd7
Nxd7 41. Kf2 Kh7 42. Ke2 Kg6 43. h4 Nc5 44. Kd2 b4 45. Re7 a5 46. Rc7 c3+ 47.
bxc3 Ne4+ 48. Kc2 Nxc3 49. Kb3 f5 50. gxf6 gxf6 51. Rc5 f5 52. Rxa5 f4 53. h5+
Kh6 54. Rf5 f3 55. Rxf3 1-0

[Event "France 2019 - Accession"]
[Site "Chartres"]
[Date "2019.08.20"]
[Round "4.23"]
[White "Ek, Alexandre"]
[Black "Gao, Etienne"]
[Result "1/2-1/2"]
[WhiteElo "2188"]
[BlackElo "2256"]
[PlyCount "58"]
[EventDate "2019.08.??"]
[EventType "swiss"]
[EventRounds "9"]
[EventCountry "FRA"]
[WhiteTeam "Cercle d'Echecs de Villepinte"]
[BlackTeam "Echiquier Club Le Mans"]

1. e4 c5 2. Nf3 d6 3. Nc3 e5 4. Bc4 Nc6 5. h3 h6 6. d3 Nge7 7. Nd5 Nxd5 8. Bxd5
Be7 9. c3 Be6 10. Bxe6 fxe6 11. O-O O-O 12. d4 exd4 13. cxd4 cxd4 14. Nxd4 Nxd4
15. Qxd4 Bf6 16. Qd3 Qe7 17. Rb1 Rfd8 18. Bf4 Rac8 19. Rfd1 d5 20. exd5 exd5
21. Re1 Qf7 22. Be5 Bxe5 23. Rxe5 Qf4 24. Rxd5 Rc1+ 25. Rxc1 Qxc1+ 26. Kh2 Qf4+
27. Kg1 Qc1+ 28. Kh2 Qf4+ 29. Kg1 Qc1+ 1/2-1/2

[Event "France 2019 - Accession"]
[Site "Chartres"]
[Date "2019.08.20"]
[Round "4.24"]
[White "Dalaud, Dorian"]
[Black "Ollier, Milan"]
[Result "0-1"]
[WhiteElo "2165"]
[BlackElo "2252"]
[PlyCount "78"]
[EventDate "2019.08.??"]
[EventType "swiss"]
[EventRounds "9"]
[EventCountry "FRA"]
[WhiteTeam "Cercle d'Echecs de Nantes"]
[BlackTeam "Echiquier Médocain"]

1. e4 c5 2. Nc3 Nc6 3. Bb5 Nd4 4. Nf3 e6 5. Nxd4 cxd4 6. Ne2 a6 7. Ba4 Qa5 8.
c3 d3 9. Ng3 h5 10. b4 Qe5 11. O-O h4 12. f4 Bc5+ 13. bxc5 Qxc5+ 14. Kh1 hxg3
15. h3 b5 16. Qg4 Bb7 17. Bd1 Nf6 18. Qxg7 Ke7 19. Qg5 Qxg5 20. Ba3+ d6 21.
fxg5 Nxe4 22. Bf3 Rab8 23. Bxe4 Bxe4 24. Kg1 Rh4 25. Rae1 Rg8 26. Bb4 Rxg5 27.
Ba5 Bc6 28. Bb6 Re4 29. Be3 Rg6 30. Bf4 e5 31. Be3 Ke6 32. Bb6 Rxe1 33. Rxe1 f5
34. h4 f4 35. Bd8 Rg8 36. Bg5 Kf5 37. a4 bxa4 38. Rb1 Rg7 39. Rb6 Rc7 0-1

[Event "France 2019 - Accession"]
[Site "Chartres"]
[Date "2019.08.20"]
[Round "4.25"]
[White "Albaric, Etienne"]
[Black "Degardin, Sylvain"]
[Result "1/2-1/2"]
[WhiteElo "2250"]
[BlackElo "2189"]
[PlyCount "74"]
[EventDate "2019.08.??"]
[EventType "swiss"]
[EventRounds "9"]
[EventCountry "FRA"]
[WhiteTeam "Lutèce Echecs"]
[BlackTeam "Mulhouse Philidor"]

1. e4 c5 2. Nf3 d6 3. d4 cxd4 4. Nxd4 Nf6 5. Nc3 a6 6. Nb3 Nc6 7. Be3 g6 8. Nd5
Nxd5 9. exd5 Ne5 10. Be2 Bg7 11. O-O b5 12. Bd4 O-O 13. a4 b4 14. a5 Bb7 15. f4
Nd7 16. Bf3 Qc7 17. Bxg7 Kxg7 18. Qd4+ Nf6 19. Ra4 Qxc2 20. Rxb4 Qc7 21. Rc1
Qd7 22. Nd2 Rac8 23. Nc4 Rc5 24. Rd1 Qc7 25. Nb6 Rxa5 26. g4 Kg8 27. g5 Nd7 28.
Nc4 Rb5 29. Rxb5 axb5 30. Ne3 e5 31. dxe6 Bxf3 32. exd7 Qxd7 33. Rf1 Ba8 34. f5
Qc6 35. Qf4 gxf5 36. Rd1 Re8 37. Nd5 Qc8 {et nulle au 64ème coup.} 1/2-1/2

[Event "France 2019 - Accession"]
[Site "Chartres"]
[Date "2019.08.20"]
[Round "4.26"]
[White "Defromont, Benjamin"]
[Black "Pham, Arthur"]
[Result "1-0"]
[WhiteElo "2236"]
[BlackElo "2116"]
[PlyCount "47"]
[EventDate "2019.08.??"]
[EventType "swiss"]
[EventRounds "9"]
[EventCountry "FRA"]
[WhiteTeam "Cannes Echecs"]
[BlackTeam "Echecs 16"]

1. e4 c5 2. Nf3 d6 3. d4 cxd4 4. Nxd4 Nf6 5. Nc3 g6 6. Be3 Bg7 7. f3 Nc6 8. Qd2
O-O 9. O-O-O Nxd4 10. Bxd4 Be6 11. Kb1 Qc7 12. h4 Rfc8 13. h5 Qa5 14. hxg6 hxg6
15. a3 Rab8 16. Bd3 b5 17. Qg5 Qc7 18. e5 dxe5 19. Bxe5 Qc5 20. f4 Rb7 21. Bxg6
fxg6 22. Qxg6 Bf7 23. Rh8+ Kxh8 24. Qxf7 1-0

[Event "France 2019 - Accession"]
[Site "Chartres"]
[Date "2019.08.20"]
[Round "4.27"]
[White "Razafindratsima, Timothe"]
[Black "Giacomini, Hector"]
[Result "1/2-1/2"]
[WhiteElo "2230"]
[BlackElo "2156"]
[PlyCount "78"]
[EventDate "2019.08.??"]
[EventType "swiss"]
[EventRounds "9"]
[EventCountry "FRA"]
[WhiteTeam "Cannes Echecs"]
[BlackTeam "Echiquier Tourangeau"]

1. e4 c5 2. Nc3 e6 3. Nge2 Nc6 4. g3 d5 5. exd5 exd5 6. Bg2 d4 7. Nd5 Nf6 8.
Nxf6+ Qxf6 9. O-O Bd6 10. d3 O-O 11. Nf4 Bd7 12. c4 dxc3 13. Nd5 Qg6 14. bxc3
Rfe8 15. d4 cxd4 16. cxd4 Bg4 17. f3 Be6 18. Ne3 Rad8 19. f4 Qf6 20. f5 Bc8 21.
Nd5 Qxd4+ 22. Be3 Qxd1 23. Raxd1 f6 24. g4 Be5 25. g5 Rd7 26. h4 Red8 27. h5 b6
28. h6 Ba6 29. Nxf6+ gxf6 30. Rxd7 Rxd7 31. Bxc6 Rd6 32. Rc1 fxg5 33. Bxg5 Bd4+
34. Kh2 Be5+ 35. Kh3 Bd3 36. Be4 Bxe4 37. Rc8+ Kf7 38. Rc7+ Kg8 39. Rc8+ Kf7
1/2-1/2

[Event "France 2019 - Accession"]
[Site "Chartres"]
[Date "2019.08.20"]
[Round "4.28"]
[White "Rabineau, Clement"]
[Black "Suez-Panama, Gilles"]
[Result "1-0"]
[WhiteElo "2213"]
[BlackElo "1930"]
[PlyCount "79"]
[EventDate "2019.08.??"]
[EventType "swiss"]
[EventRounds "9"]
[EventCountry "FRA"]
[WhiteTeam "C.E. de Rueil Malmaison"]
[BlackTeam "Arsenal"]

1. Nf3 Nf6 2. c4 g6 3. Nc3 Bg7 4. e4 d6 5. d4 O-O 6. Be2 Na6 7. O-O e5 8. dxe5
dxe5 9. Bg5 c6 10. Nxe5 Qxd1 11. Raxd1 Nxe4 12. Nxe4 Bxe5 13. Be7 Re8 14. Nf6+
Bxf6 15. Bxf6 Bf5 16. Rd2 Nc5 17. f3 Nd7 18. Bc3 h5 19. Kf2 Nb6 20. Rfd1 Be6
21. b3 f5 22. h3 Kf7 23. g4 h4 24. f4 Rac8 25. Bf3 Rc7 26. Re1 Bc8 27. Rxe8
Kxe8 28. Rd6 fxg4 29. hxg4 Rf7 30. Bf6 Nd7 31. Bxh4 Rxf4 32. Kg3 Rf8 33. Be4
Ne5 34. Bf6 Nf7 35. Bxg6 Bd7 36. g5 b5 37. cxb5 cxb5 38. b4 Rg8 39. Bxf7+ Kxf7
40. Rxd7+ 1-0

[Event "France 2019 - Accession"]
[Site "Chartres"]
[Date "2019.08.20"]
[Round "4.29"]
[White "Girel, Joseph"]
[Black "Decuigniere, Tom"]
[Result "1/2-1/2"]
[WhiteElo "2157"]
[BlackElo "2211"]
[PlyCount "87"]
[EventDate "2019.08.??"]
[EventType "swiss"]
[EventRounds "9"]
[EventCountry "FRA"]
[WhiteTeam "Marseille-Echecs"]
[BlackTeam "Ecole Française d'Echecs de Metz"]

1. e4 c5 2. Nf3 g6 3. c3 Nf6 4. e5 Nd5 5. d4 cxd4 6. Qxd4 Nb6 7. Qh4 d6 8. Bf4
Nd5 9. Bg3 dxe5 10. Nxe5 Bg7 11. Bb5+ Nd7 12. O-O O-O 13. Bxd7 Bxd7 14. Rd1 e6
15. Nxd7 Qxd7 16. Nd2 f5 17. Nf3 Bf6 18. Qh6 Qg7 19. Qxg7+ Kxg7 20. Be5 Rfd8
21. Rd2 Bxe5 22. Nxe5 Kf6 23. Nf3 Nb6 24. Rad1 Rxd2 25. Rxd2 g5 26. b3 g4 27.
Ne1 a5 28. Rd6 Nd5 29. Rd7 Nxc3 30. Rxb7 Nxa2 31. Rxh7 Rb8 32. Ra7 Rb5 33. f4
Nc1 34. Kf2 Rd5 35. Ke3 Rb5 36. Rc7 Nxb3 37. Nd3 a4 38. Ne5 Rxe5+ 39. fxe5+
Kxe5 40. Rc4 a3 41. Ra4 a2 42. Rxa2 f4+ 43. Kf2 Kf5 44. Ra8 1/2-1/2

[Event "France 2019 - Accession"]
[Site "Chartres"]
[Date "2019.08.20"]
[Round "4.30"]
[White "Bournel, Antoine"]
[Black "Fantin, Ludwig"]
[Result "1-0"]
[WhiteElo "2259"]
[BlackElo "2213"]
[PlyCount "73"]
[EventDate "2019.08.??"]
[EventType "swiss"]
[EventRounds "9"]
[EventCountry "FRA"]
[WhiteTeam "L'Echiquier Châlonnais"]
[BlackTeam "Clermont-Ferrand Echecs"]

1. e4 c5 2. Nf3 Nc6 3. Bb5 g6 4. Bxc6 bxc6 5. O-O Bg7 6. Re1 Nh6 7. c3 O-O 8.
d4 Qb6 9. h3 d6 10. b3 f6 11. Nbd2 cxd4 12. cxd4 Ba6 13. Bb2 Nf7 14. Rc1 Rac8
15. Nc4 Bxc4 16. Rxc4 c5 17. dxc5 dxc5 18. Qe2 Nd6 19. Rc2 e5 20. Rec1 Bh6 21.
Rd1 Rf7 22. Rd5 Rfc7 23. Bc1 Bxc1 24. Rxc1 c4 25. Rcd1 Nf7 26. Nd2 cxb3 27.
Nxb3 Rc2 28. R1d2 Rxd2 29. Qxd2 Rd8 30. Rd7 Rxd7 31. Qxd7 a6 32. Qc8+ Kg7 33.
Nc5 Ng5 34. Kh2 Qb2 35. h4 Qxf2 36. hxg5 Qh4+ 37. Qh3 1-0

[Event "France 2019 - Accession"]
[Site "Chartres"]
[Date "2019.08.20"]
[Round "4.31"]
[White "Hingouet, Matthieu"]
[Black "Coiffait, Pierre-Basile"]
[Result "0-1"]
[WhiteElo "2195"]
[BlackElo "2231"]
[PlyCount "156"]
[EventDate "2019.08.??"]
[EventType "swiss"]
[EventRounds "9"]
[EventCountry "FRA"]
[WhiteTeam "Cavalier de la Tourelle Saint-Mande"]
[BlackTeam "L'Echiquier du Pays de Bray"]

1. d4 Nf6 2. c4 e6 3. Nc3 Bb4 4. e3 b6 5. Bd3 Bb7 6. Nf3 O-O 7. O-O c5 8. Bd2
cxd4 9. exd4 Be7 10. Re1 d5 11. cxd5 Nxd5 12. a3 Nd7 13. Qe2 a6 14. Ne4 Re8 15.
Neg5 Nf8 16. h4 h6 17. Ne4 f5 18. Nc3 Nxc3 19. bxc3 Bxh4 20. Nxh4 Qxh4 21. Rab1
Qd8 22. Qe5 Bc6 23. Re3 Ng6 24. Qg3 Nh4 25. Re5 Kh7 26. f3 b5 27. Rc5 Bd5 28.
Bf4 Ng6 29. Bc7 Qd7 30. a4 bxa4 31. Rb6 a3 32. Bxf5 exf5 33. Qxg6+ Kg8 34. Rd6
Qf7 35. Rcxd5 Qxg6 36. Rxg6 Kh7 37. Rxg7+ Kxg7 38. Be5+ Kf7 39. Ra5 Ke6 40.
Rxa3 Rec8 41. Kf2 a5 42. Ke3 a4 43. Kd3 Kd5 44. g3 Ra6 45. Bf4 Rc4 46. Be5 Rb6
47. Kc2 Kc6 48. Bf4 Kd5 49. Be5 h5 50. Bf4 Re6 51. Kd2 Rg6 52. Kd3 Rgc6 53. Be5
Rh6 54. Bf4 Rh7 55. Bg5 Rb7 56. Kc2 Rg7 57. Bf4 Rh7 58. Bg5 Rh8 59. Bf6 Re8 60.
Be5 f4 61. Bxf4 Re2+ 62. Kd3 Rf2 63. Ke3 Rb2 64. Kd3 Rb3 65. Rxb3 axb3 66. Bc1
Rc7 67. Ba3 Rc8 68. f4 Rg8 69. c4+ Ke6 70. d5+ Kd7 71. c5 Rxg3+ 72. Kc4 h4 73.
c6+ Kc7 74. Bb2 h3 75. Be5+ Kd8 76. d6 Rg6 77. Kc5 Rxd6 78. Bxd6 b2 0-1

[Event "France 2019 - Accession"]
[Site "Chartres"]
[Date "2019.08.20"]
[Round "4.32"]
[White "Pourquet, Matthieu"]
[Black "Papadiamandis, Elliot"]
[Result "1/2-1/2"]
[WhiteElo "2209"]
[BlackElo "2216"]
[PlyCount "65"]
[EventDate "2019.08.??"]
[EventType "swiss"]
[EventRounds "9"]
[EventCountry "FRA"]
[WhiteTeam "Vandoeuvre-Echecs"]
[BlackTeam "C.E. de  Bois-Colombes"]

1. Nf3 Nf6 2. c4 g6 3. g3 Bg7 4. Bg2 O-O 5. d4 d5 6. cxd5 Nxd5 7. O-O Nb6 8.
Nc3 Nc6 9. d5 Na5 10. e4 c6 11. Bf4 cxd5 12. exd5 Nac4 13. Qe2 Bd7 14. Rac1 Nd6
15. Be5 Bg4 16. Rfe1 Bxe5 17. Qxe5 Bxf3 18. Bxf3 Re8 19. Qg5 Nd7 20. h4 Nf6 21.
h5 Qd7 22. hxg6 hxg6 23. Kg2 Kg7 24. Rh1 Rh8 25. Qe5 Rxh1 26. Rxh1 Rh8 27. Rxh8
Kxh8 28. g4 Kg8 29. g5 Nfe8 30. Nd1 Nf5 31. Bg4 Ned6 32. Bxf5 Nxf5 33. Nc3
1/2-1/2

[Event "France 2019 - Accession"]
[Site "Chartres"]
[Date "2019.08.20"]
[Round "4.33"]
[White "Viel, Simon"]
[Black "Pottier, Simeon"]
[Result "1/2-1/2"]
[WhiteElo "2252"]
[BlackElo "2162"]
[PlyCount "70"]
[EventDate "2019.08.??"]
[EventType "swiss"]
[EventRounds "9"]
[EventCountry "FRA"]
[WhiteTeam "Echecs Plus de Cherbourg-Octeville"]
[BlackTeam "LEC Echiquier Limousin"]

1. e4 c5 2. Nf3 Nc6 3. d4 cxd4 4. Nxd4 g6 5. c4 Bg7 6. Be3 Nf6 7. Nc3 O-O 8.
Be2 d6 9. O-O Bd7 10. Qd2 Nxd4 11. Bxd4 Bc6 12. Bd3 a5 13. Rae1 Nd7 14. Bxg7
Kxg7 15. Re3 Nf6 16. f4 Qb6 17. Kh1 e6 18. Rh3 h5 19. f5 Ng4 20. Qg5 exf5 21.
Qh4 Qxb2 22. Nd5 Bxd5 23. cxd5 fxe4 24. Bxe4 Rae8 25. Bd3 Qxa2 26. Rhf3 Re3 27.
Rxe3 Nxe3 28. Qd4+ f6 29. Qxe3 Qxd5 30. Rc1 Qe5 31. Qb6 Rf7 32. h3 Re7 33. Qd8
f5 34. Rc8 Qe1+ 35. Kh2 Qe5+ 1/2-1/2

[Event "France 2019 - Accession"]
[Site "Chartres"]
[Date "2019.08.21"]
[Round "5.5"]
[White "Bujisho, Benjamin"]
[Black "Maurizzi, Marc Andria"]
[Result "1/2-1/2"]
[WhiteElo "2317"]
[BlackElo "2419"]
[Annotator "Alain"]
[PlyCount "80"]
[EventDate "2019.08.??"]
[EventType "swiss"]
[EventRounds "9"]
[EventCountry "FRA"]
[WhiteTeam "Chevau-légers de la Choisille"]
[BlackTeam "Corsica Chess Club"]
[WhiteClock "0:11:19"]
[BlackClock "0:11:08"]

1. Nf3 d5 {[%emt 0:00:13]} 2. g3 {[%emt 0:00:38]} g6 {[%emt 0:00:13]} 3. Bg2 {
[%emt 0:03:35]} Bg7 {[%emt 0:00:13]} 4. O-O {[%emt 0:00:53]} e5 {[%emt 0:00:05]
} 5. d3 {[%emt 0:03:06]} Ne7 {[%emt 0:00:10]} 6. e4 {[%emt 0:03:56]} O-O {
[%emt 0:00:21]} 7. Nbd2 {[%emt 0:04:21]} Nbc6 {[%emt 0:05:03]} 8. c3 {[%emt 0:
01:48]} a5 {[%emt 0:02:05]} 9. Qc2 {[%emt 0:04:08]} h6 {[%emt 0:03:36]} 10. Re1
{[%emt 0:04:04]} Be6 {[%emt 0:04:04]} 11. exd5 {[%emt 0:02:39]} Bxd5 {[%emt 0:
00:40]} 12. b3 {[%emt 0:02:22]} Re8 {[%emt 0:10:52]} 13. a3 {[%emt 0:03:39]}
Qd7 {[%emt 0:03:45]} 14. Bb2 {[%emt 0:00:15]} Rad8 {[%emt 0:03:04]} 15. b4 {
[%emt 0:06:41]} Nf5 {[%emt 0:26:16]} 16. Rad1 {[%emt 0:02:10]} axb4 {[%emt 0:
00:48]} 17. axb4 {[%emt 0:00:03]} Nd6 {[%emt 0:03:07]} 18. Qb1 {[%emt 0:07:24]}
b5 {[%emt 0:11:35]} 19. c4 {[%emt 0:14:08]} Bxf3 {[%emt 0:04:35]} 20. Nxf3 {
[%emt 0:01:11]} Qc8 {[%emt 0:08:42]} 21. cxb5 {[%emt 0:22:34]} Nxb5 {[%emt 0:
00:30]} 22. h4 Nbd4 23. Nxd4 Nxd4 24. Bxd4 Rxd4 25. Re4 Red8 26. Rxd4 Rxd4 27.
b5 Bf8 28. Qc2 Qd8 29. Qe2 Qf6 30. h5 gxh5 31. Qxh5 Bc5 32. Rc1 Bb6 33. Rc6 Rd6
34. Bf3 Rxc6 35. bxc6 Kf8 36. Qg4 Qd6 37. Be4 Qf6 38. Qc8+ Ke7 39. Qd7+ Kf8 40.
Qc8+ Ke7 1/2-1/2

[Event "France 2019 - Accession"]
[Site "Chartres"]
[Date "2019.08.21"]
[Round "5.8"]
[White "Joie, Sebastien"]
[Black "Le Corre, Benjamin"]
[Result "1-0"]
[WhiteElo "2413"]
[BlackElo "2281"]
[PlyCount "71"]
[EventDate "2019.08.??"]
[EventType "swiss"]
[EventRounds "9"]
[EventCountry "FRA"]
[WhiteTeam "Esbarres Bonnencontre Echecs"]
[BlackTeam "Ecole Française d'Echecs de Metz"]

1. d4 Nf6 2. Nf3 e6 3. g3 c5 4. Bg2 d5 5. O-O Nc6 6. c4 dxc4 7. dxc5 Qxd1 8.
Rxd1 Bxc5 9. Nbd2 Bd7 10. Nxc4 Ng4 11. e3 Ke7 12. Bd2 Rac8 13. Rac1 b5 14. Na5
Nxa5 15. Bxa5 Bd6 16. Bc3 b4 17. Bxg7 Rhg8 18. Rxc8 Bxc8 19. Bd4 e5 20. Bxa7
Be6 21. Nd2 f5 22. Nb3 e4 23. f3 Nf6 24. Bd4 Bxb3 25. Bxf6+ Kxf6 26. Rxd6+ Ke5
27. Rd4 exf3 28. axb3 fxg2 29. Kxg2 Rc8 30. Kf3 Rc2 31. h4 Rxb2 32. Rxb4 Rb1
33. Rb5+ Kf6 34. Rb7 Ke5 35. b4 h5 36. b5 1-0

[Event "France 2019 - Accession"]
[Site "Chartres"]
[Date "2019.08.21"]
[Round "5.9"]
[White "Delorme, Alban"]
[Black "Barseghyan, Harutyun"]
[Result "1-0"]
[WhiteElo "2308"]
[BlackElo "2519"]
[PlyCount "85"]
[EventDate "2019.08.??"]
[EventType "swiss"]
[EventRounds "9"]
[EventCountry "FRA"]
[WhiteTeam "Echecs 16"]
[BlackTeam "Nice Alekhine"]

1. e4 e5 2. Nf3 Nc6 3. Nc3 Nf6 4. Bb5 Bb4 5. O-O O-O 6. d3 Bxc3 7. bxc3 d6 8.
Bg5 Qe7 9. Bxc6 bxc6 10. Re1 h6 11. Bh4 g5 12. Bg3 Bg4 13. d4 exd4 14. e5 dxe5
15. Bxe5 Rfe8 16. h3 Bxf3 17. Qxf3 Nd5 18. c4 Nb4 19. Bxd4 Qxe1+ 20. Rxe1 Rxe1+
21. Kh2 Re6 22. Bb2 Rb8 23. Qc3 f6 24. Qd4 Rbe8 25. a3 c5 26. Qxc5 Nc6 27. Qf5
Kg7 28. h4 gxh4 29. f4 Nd8 30. Qg4+ Kf8 31. Bd4 Rc6 32. Qd7 h5 33. c3 a6 34.
Qd5 Rce6 35. Qc5+ R8e7 36. Qxh5 Kg8 37. f5 Rd6 38. c5 Rc6 39. Qg6+ Kf8 40. Bxf6
Rf7 41. Qh6+ Ke8 42. Qe3+ Ne6 43. Qe4 1-0

[Event "France 2019 - Accession"]
[Site "Chartres"]
[Date "2019.08.21"]
[Round "5.10"]
[White "Bijaoui, Manuel"]
[Black "Pucher, Sebastien"]
[Result "1/2-1/2"]
[WhiteElo "2433"]
[BlackElo "2316"]
[PlyCount "104"]
[EventDate "2019.08.??"]
[EventType "swiss"]
[EventRounds "9"]
[EventCountry "FRA"]
[WhiteTeam "A.J.E. Noyon"]
[BlackTeam "Club d'Echecs Metz Fischer"]

1. e4 c6 2. d4 d5 3. Nc3 dxe4 4. Nxe4 Bf5 5. Ng3 Bg6 6. h4 h6 7. Nf3 e6 8. h5
Bh7 9. Bd3 Bxd3 10. Qxd3 Nf6 11. Bd2 Be7 12. O-O-O O-O 13. Kb1 c5 14. Ne4 Nc6
15. Nxf6+ Bxf6 16. dxc5 Qxd3 17. cxd3 Rfd8 18. Be3 Rd5 19. a3 a5 20. g4 Rad8
21. Rd2 Nd4 22. Nxd4 Bxd4 23. Rc1 Bxe3 24. fxe3 Rxd3 25. Rxd3 Rxd3 26. c6 bxc6
27. Rxc6 Rd5 28. Kc2 f5 29. e4 Re5 30. exf5 exf5 31. gxf5 Rxf5 32. b4 axb4 33.
axb4 Rxh5 34. Kc3 Rh1 35. b5 Kh7 36. Rc4 Rd1 37. b6 Rd8 38. b7 Rb8 39. Rb4 Kg6
40. Kd4 Kf5 41. Kd5 h5 42. Kc6 g5 43. Kc7 Rxb7+ 44. Rxb7 h4 45. Kd6 h3 46. Kd5
Kf4 47. Rf7+ Kg3 48. Ke4 g4 49. Rh7 h2 50. Kf5 Kg2 51. Kxg4 h1=Q 52. Rxh1 Kxh1
1/2-1/2

[Event "France 2019 - Accession"]
[Site "Chartres"]
[Date "2019.08.21"]
[Round "5.11"]
[White "Cotonnec, Melkior"]
[Black "Duboue, Peio"]
[Result "1/2-1/2"]
[WhiteElo "2299"]
[BlackElo "2413"]
[PlyCount "139"]
[EventDate "2019.08.??"]
[EventType "swiss"]
[EventRounds "9"]
[EventCountry "FRA"]
[WhiteTeam "C.E. de Rueil Malmaison"]
[BlackTeam "Echiquier de l'Erdre"]

1. e4 e5 2. Nf3 Nc6 3. Bc4 Nf6 4. d3 Be7 5. O-O O-O 6. Re1 d6 7. a4 a5 8. c3 h6
9. Nbd2 Nh7 10. Nf1 Ng5 11. Nxg5 Bxg5 12. Be3 Kh8 13. Qd2 Bxe3 14. Nxe3 Qg5 15.
Rad1 Ne7 16. d4 c6 17. dxe5 dxe5 18. Nf5 Bxf5 19. Qxg5 hxg5 20. exf5 f6 21. Rd7
Nxf5 22. Be6 Nh4 23. Rxb7 Rab8 24. Rxb8 Rxb8 25. b4 Ng6 26. Rb1 Nf4 27. Bc4 Nd5
28. Bxd5 cxd5 29. Kf1 Kg8 30. Rd1 axb4 31. cxb4 Rxb4 32. Rxd5 Rxa4 33. h3 g4
34. hxg4 Rxg4 35. Ra5 Kf7 36. Ra7+ Kg6 37. Rb7 Ra4 38. Re7 Ra2 39. Kg1 Kh6 40.
Rf7 Ra6 41. g3 g6 42. Kg2 e4 43. Re7 f5 44. Re8 Kg5 45. Re7 Kg4 46. Re8 g5 47.
Re7 Ra1 48. Re6 Re1 49. Re8 Re2 50. Re7 Kh5 51. Re5 Kg6 52. Kf1 Ra2 53. g4 f4
54. Rxe4 f3 55. Kg1 Rb2 56. Re6+ Kg7 57. Re3 Kg6 58. Re4 Ra2 59. Rb4 Rc2 60.
Ra4 Rb2 61. Ra6+ Kg7 62. Ra7+ Kg6 63. Ra4 Rc2 64. Rb4 Ra2 65. Rc4 Rb2 66. Ra4
Rc2 67. Ra6+ Kg7 68. Ra4 Rb2 69. Rc4 Ra2 70. Rb4 1/2-1/2

[Event "France 2019 - Accession"]
[Site "Chartres"]
[Date "2019.08.21"]
[Round "5.12"]
[White "Lux, Hugo De Melo"]
[Black "Nguyen, Vincent"]
[Result "1/2-1/2"]
[WhiteElo "2401"]
[BlackElo "2288"]
[PlyCount "136"]
[EventDate "2019.08.??"]
[EventType "swiss"]
[EventRounds "9"]
[EventCountry "FRA"]
[WhiteTeam "Echecs 16"]
[BlackTeam "La tour de Juvisy"]

1. e4 e6 2. d4 d5 3. Bd3 dxe4 4. Bxe4 Nf6 5. Bf3 c5 6. Ne2 Nc6 7. Be3 e5 8.
Bxc6+ bxc6 9. dxe5 Qxd1+ 10. Kxd1 Ng4 11. Nd2 Nxe5 12. h3 Ba6 13. b3 O-O-O 14.
c4 Be7 15. Kc2 Nd3 16. Rad1 Rd7 17. a3 Rhd8 18. Nf3 Bf6 19. Rd2 Ne5 20. Rxd7
Rxd7 21. Nxe5 Bxe5 22. Bxc5 Kb8 23. Rd1 Rxd1 24. Kxd1 g6 25. Kd2 Bc8 26. f4 Bc7
27. Ke3 Bd8 28. Nd4 Bd7 29. Nf3 f6 30. Nd4 Kb7 31. g4 f5 32. gxf5 gxf5 33. Nf3
Be6 34. Bd6 Bb6+ 35. c5 Bd8 36. b4 Bf6 37. Be5 Bd8 38. Nd4 Bd7 39. a4 a6 40.
Kd3 Bh4 41. Kc4 Bf2 42. Bd6 Bc8 43. Kd3 Bd7 44. Nf3 Be6 45. Ke2 Bg3 46. Nd4 Bd7
47. Be5 Bh4 48. Nf3 Be7 49. Kd3 a5 50. Kc4 Ka6 51. Nd4 axb4 52. Kxb4 Bh4 53.
Nf3 Bf2 54. Ng5 h6 55. Nf3 Be6 56. Bd4 Bg3 57. Be3 Bd5 58. Nd4 Be1+ 59. Ka3 Be4
60. Kb3 Ka5 61. Bc1 h5 62. Bb2 Bf2 63. Bc3+ Ka6 64. Kb4 h4 65. Ne6 Bg2 66. Ng5
Be3 67. Be5 Bf1 68. Bc7 Bd2+ 1/2-1/2

[Event "France 2019 - Accession"]
[Site "Chartres"]
[Date "2019.08.21"]
[Round "5.13"]
[White "Duquesne, Adrien"]
[Black "Ollier, Pablo"]
[Result "0-1"]
[WhiteElo "2170"]
[BlackElo "2382"]
[PlyCount "60"]
[EventDate "2019.08.??"]
[EventType "swiss"]
[EventRounds "9"]
[EventCountry "FRA"]
[WhiteTeam "Evry Grand Roque"]
[BlackTeam "Echiquier Médocain"]

1. d4 e6 2. Bf4 Nf6 3. e3 c5 4. Nf3 Be7 5. Nbd2 Nh5 6. Bg3 Nc6 7. c3 cxd4 8.
exd4 b6 9. Bd3 Bb7 10. Qe2 h6 11. Rd1 O-O 12. Kf1 f5 13. Ne5 Qe8 14. f3 a6 15.
Ndc4 b5 16. Nb6 Nxg3+ 17. hxg3 Nxe5 18. Qxe5 Rb8 19. a4 bxa4 20. Nxa4 Bc6 21.
Nc5 Rxb2 22. Bxa6 Qa8 23. Be2 Qa2 24. Nd3 Bd6 25. Qe3 Rb1 26. Kf2 Rxd1 27. Rxd1
Ba4 28. Rc1 Bb5 29. Ne5 Rc8 30. Kg1 Qxe2 0-1

[Event "France 2019 - Accession"]
[Site "Chartres"]
[Date "2019.08.21"]
[Round "5.14"]
[White "Travadon, Loic"]
[Black "Hutois, Mickael"]
[Result "1-0"]
[WhiteElo "2399"]
[BlackElo "2279"]
[PlyCount "85"]
[EventDate "2019.08.??"]
[EventType "swiss"]
[EventRounds "9"]
[EventCountry "FRA"]
[WhiteTeam "Cergy Pontoise Echecs"]
[BlackTeam "Echiquier de l'Erdre"]

1. Nf3 Nf6 2. c4 e6 3. Nc3 d5 4. d4 Bb4 5. g3 c5 6. Bg2 Nc6 7. O-O dxc4 8. dxc5
O-O 9. Bg5 Qxd1 10. Rfxd1 Bxc3 11. bxc3 Ne4 12. Rac1 e5 13. Be3 Nf6 14. Rb1 a6
15. Nd2 Na5 16. c6 Nxc6 17. Nxc4 Be6 18. Bxc6 bxc6 19. Nxe5 Bxa2 20. Rb2 Bd5
21. c4 Be6 22. Bc5 Rfc8 23. f3 a5 24. g4 h6 25. h4 a4 26. g5 hxg5 27. hxg5 Ra5
28. Bd4 Nd7 29. Nxd7 Bxd7 30. Kf2 a3 31. Rb7 Be6 32. g6 Bxc4 33. Bc3 Rg5 34.
Rc7 Re8 35. gxf7+ Bxf7 36. Rdd7 Rf5 37. e4 Rf4 38. Kg3 g5 39. Rxc6 a2 40. Rc5
Kf8 41. Rxg5 Rc8 42. Bg7+ Ke8 43. Ra7 1-0

[Event "France 2019 - Accession"]
[Site "Chartres"]
[Date "2019.08.21"]
[Round "5.15"]
[White "Sanchez, Louis"]
[Black "Fruchard, Cyrille"]
[Result "1/2-1/2"]
[WhiteElo "2331"]
[BlackElo "2261"]
[PlyCount "70"]
[EventDate "2019.08.??"]
[EventType "swiss"]
[EventRounds "9"]
[EventCountry "FRA"]
[WhiteTeam "Corsica Chess Club"]
[BlackTeam "La Dame Noire"]

1. Nf3 d5 2. g3 Nf6 3. Bg2 e6 4. O-O c5 5. d4 Nc6 6. c4 cxd4 7. Nxd4 Bc5 8. Nb3
Be7 9. Nc3 dxc4 10. Qxd8+ Bxd8 11. Nd2 Na5 12. b4 cxb3 13. axb3 O-O 14. Ba3 Re8
15. Nb5 Bb6 16. b4 Nc6 17. Nc4 Rd8 18. Rfd1 Rxd1+ 19. Rxd1 Ne8 20. Bxc6 bxc6
21. Nxb6 axb6 22. Nc7 Rxa3 23. Rd8 Bd7 24. Rxd7 Kf8 25. Rd8 Ke7 26. Rxe8+ Kd7
27. Rf8 Kxc7 28. Rxf7+ Kd6 29. Rxg7 Rb3 30. Rg4 Kd5 31. h4 c5 32. bxc5 bxc5 33.
Rg7 c4 34. Rxh7 Kd6 35. Rh8 Kd7 1/2-1/2